| 000 | 00791cam a22002531 4500 | ||
|---|---|---|---|
| 999 |
_c690 _d690 |
||
| 001 | 9375785 | ||
| 003 | GZU | ||
| 005 | 20200910124336.0 | ||
| 008 | 750103s1962 nyua 000 0 eng | ||
| 010 | _a 62017940 | ||
| 035 | _a(OCoLC)1128788 | ||
| 040 |
_aDLC _cTxShA _dOCoLC _dDLC |
||
| 042 | _apremarc | ||
| 050 | 0 | 0 |
_aDT15 _b.PLI 1962 |
| 100 | 1 |
_aPlimpton, Ruth T. _eauthor |
|
| 245 | 1 | 0 |
_aOperation Crossroads Africa / _cRuth T. Plimpton |
| 260 |
_aNew York, _bViking Press _c[1962] |
||
| 300 |
_a142 p. _billus. _c22 cm. |
||
| 500 | _aPublished simultaneously in Canada by The Macmillan Company of Canada Ltd | ||
| 610 | 2 | 0 | _aOperation Crossroads Africa. |
| 650 | 0 | _aIntercultural communication. | |
| 906 |
_a7 _bcbc _coclcrpl _du _encip _f19 _gy-gencatlg |
||
| 942 |
_2lcc _cBK _h15 _iPLI _kDT |
||